000 00703nam a2200217Ia 4500
008 160517s9999 xx 000 0 und d
050 _aRJ 5063
050 _b.V297 2015
100 _aVargas, Patricia Gail D.
245 _aBehavioral modification strategies used by fourth estate elementary school special education teachers in handling students with intellectual disability /
245 _cPatricia Gail D. Vargas.
260 _aLas PiƱas, Philippines :
260 _bSISC,
260 _c2015.
300 _a96 pages :
300 _billustrations ;
300 _c28 cm.
500 _aIncludes bibliographical references and appendices.
521 _aSpecial Education
942 _cTH
999 _c293979
_d293979